Music Quiz

Random Music or Artist Quiz

Lyrics-Top 7 Songs of November Quiz Stats

Quiz not verified by Sporcle

Challenge
Share
Tweet
Embed
Score 0/7 Timer 05:00
0 Plays Today
Lyrics End of Lyrics/Song Name % Correct
'Cause Baby You're a _Firework
90.9%
I'll Catch A_For YouGrenade
81.8%
Oh NannaWhat's My Name
75.8%
So_If You Are WrongRaise Your Glass
57.6%
You Know We're Superstars_We R Who We R
57.6%
Last Night I Had The_Time of My Life
54.5%
'Cause Here They Come_Dog Days Are Over
39.4%

You're not logged in!

Compare scores with friends on all Sporcle quizzes.
Join for Free
OR
Log In

You Might Also Like...

Show Comments

Extras

Created Dec 1, 2010ReportNominate
Tags:Artist Quiz, Song Quiz, end, November

Top Quizzes Today


Score Distribution

Your Account Isn't Verified!

In order to create a playlist on Sporcle, you need to verify the email address you used during registration. Go to your Sporcle Settings to finish the process.

Report this User

Report this user for behavior that violates our Community Guidelines.

Details: